00526nam a22001817a 450000500170000001000230001702000260004003500170006603500140008303500130009703700150011008200130012524500890013826000300022727000410025730000240029870000220032220180228102556.0 a1617EN ENG-116955 a9781138667914c995.00 aB-649676-680 aEN-100487 aB-664909 aDPLbUPPAL a323.0954 aHuman rights in postcolonial India /ced by Om Prakash Dwivedi [and] V.G.Julie Rajan aNew YorkbRoutledgec2016 a711 third avenuebNew YorkeNY 10017 axiv,331p.c24cm(HB) aRajan, V.G.Julie